Nihon no megaroporisu : sono jittai to miraizō /
Saved in:
| Main Author: | |
|---|---|
| Format: | Book |
| Language: | Japanese |
| Published: |
Tōkyō :
Nihon Keizai Shinbunsha,
Shōwa 44 [1969]
|
| Subjects: | |
| Tags: |
Add Tag
No Tags, Be the first to tag this record!
|
| LEADER | 00987cam a2200277 a 4500 | ||
|---|---|---|---|
| 001 | 007738574-8 | ||
| 005 | 20024617115958.0 | ||
| 008 | 901107s1969 ja b 000 0 jpn | ||
| 010 | |a 72807318 | ||
| 035 | 0 | |a ocm22646620 | |
| 040 | |a DLC |c CLSU |d OCoLC |d *YNH* |d CStRLIN | ||
| 043 | |a a-ja--- | ||
| 050 | 0 | |a HT147.J3 |b I765 | |
| 100 | 1 | |6 880-01 |a Isomura, Eiichi, |d 1903- | |
| 245 | 1 | 0 | |6 880-02 |a Nihon no megaroporisu : |b sono jittai to miraizō / |c Isomura Eiichi cho. |
| 260 | |6 880-03 |a Tōkyō : |b Nihon Keizai Shinbunsha, |c Shōwa 44 [1969] | ||
| 300 | |a 215 p. ; |c 22 cm. | ||
| 504 | |a Includes bibliographical references. | ||
| 650 | 0 | |a Cities and towns |z Japan. | |
| 650 | 0 | |a Cities and towns |x Growth. | |
| 650 | 0 | |a Metropolitan areas |z Japan. | |
| 880 | 1 | |6 100-01 |a 磯村英一, |d 1903- | |
| 880 | 1 | 0 | |6 245-02 |a 日本のメガロポリス : |b その実態と未来像 / |c 磯村英一著. |
| 880 | |6 260-03 |a 東京 : |b 日本経済新聞社, |c 昭和44 [1969] | ||
| 988 | |a 20021214 | ||
| 906 | |0 DLC | ||


